Παράθυρο / Στην Εκπαίδευση του Παιδιού (Record no. 8766)
[ view plain ]
| 000 -LEADER | |
|---|---|
| fixed length control field | 01315cam a22001694a 4500 |
| 005 - ΗΜΕΡΟΜΗΝΙΑ ΚΑΙ ΩΡΑ ΤΕΛΕΥΤΑΙΑΣ ΕΝΗΜΕΡΩΣΗΣ | |
| Πεδίο ελέγχου | 20250605163649.0 |
| 008 - FIXED-LENGTH DATA ELEMENTS--GENERAL INFORMATION | |
| Πεδίο ελέγχου σταθερού μήκους | 250528s ||||||||||||||||||||||||d |
| 035 ## - SYSTEM CONTROL NUMBER | |
| System control number | 23839 |
| 040 ## - ΠΗΓΗ ΚΑΤΑΛΟΓΟΓΡΑΦΗΣΗΣ | |
| Φορέας πρωτότυπης καταλογογράφησης | MC Athens Campus Library |
| Γλώσσα καταλογογράφησης | Ελληνικά, Μοντέρνα (1453-) |
| Modifying agency | MC Athens Campus Library |
| Κανόνες περιγραφικής καταλογογράφησης | AACR2 |
| 245 1# - ΤΙΤΛΟΣ ΚΑΙ ΔΗΛΩΣΗ ΥΠΕΥΘΥΝΟΤΗΤΑΣ | |
| Τίτλος | Παράθυρο / Στην Εκπαίδευση του Παιδιού |
| 260 ## - PUBLICATION, DISTRIBUTION, ETC. | |
| Name of publisher, distributor, etc. | Ωρίων, |
| Date of publication, distribution, etc. | 2012 |
| 300 ## - PHYSICAL DESCRIPTION | |
| Extent | 122 |
| 520 ## - SUMMARY, ETC. | |
| Summary, etc. | Το τραγουδοπαιχνίδι του Κίμωνα, Αποκριές και... στο Δ΄σος, Το Κασκόλ, Μιά Ζεστή Αγκαλιά είναι η Αποκριά, Το Τσίρκο, Ο Αρλεκίνος, Ήρα και Ποσειδώνας και Αφροδίτη, Μια Ιστορία για Ένα Τσίρκο που το Έλεγαν Τσιρκολελέτα, Ταξιδεύοντας στη Γη των Πιγκουϊνων, Μαθαίνοντας για τους Πιγκουϊνους, Ταξίδια στην Χώρα των Πιγκουϊνων, Το όνειρο του Πώλ, Όνειρα και Καμώματα από Πλαστελίνη, Διατροφικές Συνήθειες για Υγιή Παιδιά, Μαυησιακές Δυσκολίες στο Νηπιαγωγείο, Βιβλιοπαρουσιάσεις, Κατασκευές. |
| 942 ## - ADDED ENTRY ELEMENTS (KOHA) | |
| Koha item type | Περιοδικά Δημοσιεύματα |
| Τύπος τεκμηρίου | Βιβλιοθήκη | Τρέχουσα τοποθεσία | Barcode | Αριθμός εισαγωγής | Ημερομηνία απόκτησης | Ταξιθετικό σύμβολο | Αριθμός αντιτύπου | Κατάσταση απόσυρσης | Κατάσταση χαμένου | Κατάσταση κατεστραμμένου | Μη δανεισμός | Σύνολο δανεισμών | Ημερομηνία τελευταίας εμφάνισης | Η τιμή ισχύει από |
|---|---|---|---|---|---|---|---|---|---|---|---|---|---|---|
| Περιοδικά Δημοσιεύματα | MC Athens Campus Library | MC Athens Campus Library | 9780000087652 | 73 | 05/06/2025 | ΠΑΡΑΘΥΡΟ | 1 | 05/06/2025 | 05/06/2025 |